000
00390nam a22001577a 4500
003
MPLRDC
005
20220104123710.0
008
210129b ||||| |||| 00| 0 eng d
082
_a
544.45 LXZ c.2
100
_a
林晓钟编著
245
_a
怎样生育优生宝宝
_c
260
_a
_b
新时代出版社
_c
300
_b
平
650
_a
生育--优生学
942
_c
BK
_o
544.45 LXZ c.2
999
_c
13489
_d
13479